logo

Bir Sreshtho Munshi Abdur Rouf Library
Jhenaidah Cadet College

বোকা রাজার সোনার সিংহাসন / (Record no. 602)

MARC details
000 -LEADER
fixed length control field 00775nam a22002297a 4500
001 - CONTROL NUMBER
JCCL Control Number 602
003 - CONTROL NUMBER IDENTIFIER
JCCL marc code BD-JhCC
005 - DATE AND TIME OF LATEST TRANSACTION
control field 20171022132253.0
008 - FIXED-LENGTH DATA ELEMENTS--GENERAL INFORMATION
fixed length control field 171007s2003 bg a|||| |||| 000 0 ben d
020 ## - INTERNATIONAL STANDARD BOOK NUMBER
International Standard Book Number 9848682260
035 ## - SYSTEM CONTROL NUMBER
system control number (BD-JhCC)602
040 ## - CATALOGING SOURCE
Original cataloging agency BD-JhCC
Modifying agency BD-JhCC
041 ## - LANGUAGE CODE
Language code of Book ben
082 ## - DEWEY DECIMAL CLASSIFICATION NUMBER
Classification number 891.4435
Author mark and Year AHM 2003
100 ## - MAIN ENTRY--PERSONAL NAME
Personal name আহমেদ, হুমায়ূন
245 ## - TITLE STATEMENT
Title বোকা রাজার সোনার সিংহাসন /
Statement of responsibility, etc হুমায়ূন আহমেদ
260 ## - PUBLICATION, DISTRIBUTION, ETC. (IMPRINT)
Place of publication, distribution, etc ঢাকা:
Name of publisher, distributor, etc অন্যপ্রকাশ প্রকাশনী,
Date of publication, distribution, etc ২০০৩.
300 ## - PHYSICAL DESCRIPTION
Pagination 14 পৃ.:
Other physical details ill. ;
Dimensions ২৩ সেমি.
650 ## - SUBJECT ADDED ENTRY--TOPICAL TERM
Topical term or geographic name as entry element Short Story, bengali
Form subdivision Juvinile Story
942 ## - ADDED ENTRY ELEMENTS (KOHA)
Source of classification or shelving scheme Dewey Decimal Classification
Koha item type Books
Holdings
Source of classification or shelving scheme Damaged status Not for loan Home library Current library Shelving location Source of acquisition Cost, normal purchase price Total Checkouts Full call number Barcode Date last seen Copy number Koha item type Date of accession
Dewey Decimal Classification     JCC Rouf Library JCC Rouf Library General Stacks Purchase 100.00   891.4435 AHM 2003 1680 10/07/2017 C-1 Books  
Dewey Decimal Classification     JCC Rouf Library JCC Rouf Library General Stacks   100.00   891.4435 AHM 2003 2770 10/22/2017 C-2 Books 10/22/2017
Dewey Decimal Classification     JCC Rouf Library JCC Rouf Library General Stacks Foundation of Tenths Efforts 50.00   891.4435 AHM 2003 4170 11/04/2017 C-3 Books 11/04/2017
Dewey Decimal Classification     JCC Rouf Library JCC Rouf Library General Stacks Foundation of Tenths Efforts 50.00   891.4435 AHM 2003 4169 11/04/2017 C-4 Books 11/04/2017

JCC Library | Contacts | JCC Home

Last Update on 23 September 2017
Copyright @ 2017-2020 JCC Rouf Library
Rouf Library, Jhenidah Cadet College (JCC), Bangladesh